Il trip della follia /

সংরক্ষণ করুন:
গ্রন্থ-পঞ্জীর বিবরন
প্রধান লেখক: Millett, Kate (লেখক)
অন্যান্য লেখক: Piazzese, Bianca
বিন্যাস: গ্রন্থ
ভাষা:ইতালিয়
প্রকাশিত: Milano : Kaos, 1994
মালা:Libertaria
বিষয়গুলি:
ট্যাগগুলো: ট্যাগ যুক্ত করুন
কোনো ট্যাগ নেই, প্রথমজন হিসাবে ট্যাগ করুন!

MARC

LEADER 00000nam a2200000 i 4500
001 IT\ICCU\MIL\0191791
003 ItRI
005 20260115231932.0
008 940330s1994 it |||||| ||||| |||||c
015 |2 IT  |a 94-10078 
020 |a 8879530291 
040 |b ita  |c importazione bologna sebina 
041 7 |a ita  |2 ISO-639-2 
082 |a 616.890092  |9 DISTURBI PSICHICI. Persone  |2 20 
100 1 |a Millett, Kate  |0 IT\ICCU\RAVV\026026  |4 aut 
240 1 4 |a The loony-bin trip.  |3 IT\ICCU\MIL\0191795  |9 Millett, Kate 
245 1 3 |a Il trip della follia /  |c Kate Millett ; traduzione di Bianca Piazzese. 
260 |a Milano :  |b Kaos,  |c 1994 
300 |a 322 p. ;  |c 21 cm. 
650 7 |a Malattie mentali  |x Diari e memorie  |2 scbi 
700 1 |a Piazzese, Bianca  |0 IT\ICCU\MILV\118235 
830 0 |a Libertaria  |0 IT\ICCU\CFI\0167451 
942 |2 ddc  |c BK  |n 0 
952 |0 0  |1 0  |4 0  |6 L_813_540000000000000_MIL  |7 0  |9 17103  |a BO  |b BO  |d 2026-01-15  |i 3321  |l 0  |o L 813.54 MIL  |p BO3321  |r 2026-01-15 23:19:32  |w 2026-01-15  |x [Sebina 5] [1 v.]  |y BK  |z 1 v. 
999 |c 14601  |d 14601